| 000 | 00310 a2200133 4500 | ||
|---|---|---|---|
| 001 | 63656 | ||
| 082 | _a620.00151864LIU | ||
| 090 |
_c37654 _d37654 |
||
| 100 | _aLiu,G.R | ||
| 245 | _aFinite Element Method:A Practical Course | ||
| 250 | _a1 | ||
| 260 | _bButterworth Heinemann | ||
| 300 | _axv,348p. | ||
| 942 |
_aNUST-CAE _k620.00151864 LIU |
||
| 999 |
_c298729 _d298729 |
||